| 000 | 01747cam a2200289 a 4500 | ||
|---|---|---|---|
| 001 | 16116067 | ||
| 005 | 20161023121659.0 | ||
| 008 | 100303s2009 enka b 001 0 eng d | ||
| 010 | _a 2010285580 | ||
| 020 | _a1906403317 | ||
| 020 | _a9781906403317 | ||
| 082 | 0 | 0 |
_a332.1088297 _222 _bJAC |
| 100 | 1 |
_aJackson-Moore, Elisabeth. _932844 |
|
| 245 | 1 | 4 |
_aThe International Handbook of Islamic Banking and Finance / _cElisabeth Jackson-Moore. |
| 260 |
_aHawkhurst, Cranbrook, Kent : _bGlobal Professional Pub., _cc2009. |
||
| 300 |
_a259 p. : _bill. ; _c25 cm. |
||
| 504 | _aIncludes bibliographical references and index. | ||
| 505 | 0 | _aIntroduction and overview -- Foundations of Islamic finance -- Operations of Islamic banks -- Islamic contracts -- Shari'a compliance and legal issues -- Financing instruments.... -- .... and their funding -- Liquidity management -- Risk management in Islamic financial institutions -- Islamic accounting standards -- Regulation of Islamic financial institutions -- International Islamic banking -- Islamic equity investments and Islamic funds -- Islamic bonds -- Islamic financial centres -- Major Islamic institutions -- Islamic microfinance -- Takaful -- Organisations involved in the development of Islamic finance -- Educational institutions offering courses and/or qualifications in Islamic finance -- Future prospects. | |
| 650 | 0 |
_aBanks and banking _zIslamic countries. _928054 _2BUEsh |
|
| 650 | 0 |
_aBanks and banking _xReligious aspects _xIslam. _932829 _2BUEsh |
|
| 650 | 0 |
_aFinance _xReligious aspects _xIslam. _928658 _2BUEsh |
|
| 650 | 1 | 7 |
_aIslamitische economie. _2gtt _932845 |
| 650 | 0 |
_932713 _aFinance _zIslamic countries _2BUEsh |
|
| 651 | _2BUEsh | ||
| 653 | _cMarch2013 | ||
| 942 |
_2ddc _cBB |
||
| 999 |
_c17362 _d17334 |
||